| 000 | 00714nam a2200205Ia 4500 | ||
|---|---|---|---|
| 003 | GCL | ||
| 008 | 140319s9999 xx 000 0 ara d | ||
| 040 |
_aGCL / _cGCL |
||
| 082 | 0 | 4 |
_aق _b728.81 _bم ح |
| 100 | 1 | _aمحمود ابراهيم حسين | |
| 245 | 1 | 0 |
_aحصن عجلون مع قلعة الجبل بالقاهره دراسة مقارنة / _cمحمود ابراهيم حسين |
| 260 |
_aالقاهرة : _bهيئة الاثار المصرية ، _c1988 |
||
| 300 | _a42 ص | ||
| 490 | _a | ||
| 650 | 0 | 4 | _aالاثار الاسلامية |
| 650 | 0 | 4 | _aالدولة الايوبية فى مصر والشام |
| 650 | 0 | 4 | _aالحصون |
| 650 | 0 | 4 | _aقلعة صلاح الدين |
| 942 |
_2ddc _cBK |
||
| 999 |
_c52502 _d52502 |
||